[Event "TUR-chT 2nd League"]
[White "Akkok, Durdu"]
[Black "Hacioglu, Berkan"]
[Site "Konya"]
[Round "8.11"]
[Result "0-1"]
[Date "2018.07.21"]
[WhiteElo "1723"]
[BlackElo "1942"]
[PlyCount "81"]
[EventDate "2018.07.16"]
[EventType "team-swiss"]
[EventRounds "9"]
[EventCountry "TUR"]
[SourceTitle "EXT 2019"]
[Source "ChessBase"]
[SourceDate "2018.10.10"]
[SourceVersion "1"]
[SourceVersionDate "2018.10.10"]
[SourceQuality "1"]
[WhiteTeam "Maras Spor Kulubu"]
[BlackTeam "Yalova Altinkale"]
[WhiteTeamCountry "TUR"]
[BlackTeamCountry "TUR"]

1. e4 c5 2. Nf3 d6 3. d4 cxd4 4. Nxd4 Nf6 5. Nc3 g6 6. Bc4 Bg7 7. Bb3 0-0 8. f3 Nc6 9. Be3 Bd7 10. Qd2 Na5 11. 0-0-0 Rb8 12. g4 b5 13. Nd5 Nc4 14. Bxc4 bxc4 15. c3 Nxd5 16. exd5 Qa5 17. Kb1 Qxd5 18. Ka1 Qb7 19. Rdf1 e5 20. Ne2 Bc6 21. Ng3 Bxf3 22. Rhg1 Bxg4 23. h4 f5 24. Bf2 Bh6 25. Qc2 f4 26. Ne4 Bf5 27. Rc1 d5 28. h5 dxe4 29. Bc5 Rf6 30. hxg6 hxg6 31. Bb4 Bg7 32. Rcd1 e3 33. Qh2 Rf7 34. Qe2 Qb5 35. Qf3 a5 36. Rd5 Qb7 37. Ba3 Be6 38. Rgd1 Bxd5 39. Qxd5 Qxd5 40. Rxd5 e2 41. Rxe5 0-1

[Event "TUR-chT 2nd League"]
[White "Akkok, Durdu"]
[Black "Kulakli, Ahmet"]
[Site "Konya"]
[Round "5.16"]
[Result "1/2-1/2"]
[Date "2018.07.19"]
[WhiteElo "1723"]
[BlackElo "1637"]
[PlyCount "133"]
[EventDate "2018.07.16"]
[EventType "team-swiss"]
[EventRounds "9"]
[EventCountry "TUR"]
[SourceTitle "EXT 2019"]
[Source "ChessBase"]
[SourceDate "2018.10.10"]
[SourceVersion "1"]
[SourceVersionDate "2018.10.10"]
[SourceQuality "1"]
[WhiteTeam "Maras Spor Kulubu"]
[BlackTeam "Mersin Zeka"]
[WhiteTeamCountry "TUR"]
[BlackTeamCountry "TUR"]

1. e4 c6 2. d4 d5 3. e5 Bf5 4. h4 h5 5. Bd3 Bxd3 6. Qxd3 e6 7. Nf3 Nd7 8. 0-0 Qb6 9. c4 Qa6 10. b3 Ne7 11. g3 Nf5 12. Be3 Be7 13. Rd1 Nb6 14. c5 Qxd3 15. Rxd3 Nc8 16. Bg5 f6 17. Bd2 Kd7 18. b4 Bd8 19. Nc3 Bc7 20. Re1 Nce7 21. Ne2 Ng6 22. Nf4 Nxf4 23. Bxf4 Rae8 24. a4 a6 25. Rb1 Ne7 26. exf6 gxf6 27. Bxc7 Kxc7 28. b5 axb5 29. axb5 Ng6 30. bxc6 bxc6 31. Rdb3 Rb8 32. Nh2 Rxb3 33. Rxb3 e5 34. dxe5 fxe5 35. Rf3 Rf8 36. Rxf8 Nxf8 37. g4 Kd7 38. gxh5 Ke6 39. Ng4 e4 40. f3 exf3 41. Kf2 Kf5 42. Kxf3 Ne6 43. Ne3+ Kf6 44. Ng4+ Kg7 45. Ne5 Nxc5 46. Nxc6 Ne6 47. Ne7 d4 48. Nf5+ Kh7 49. h6 Nc5 50. h5 d3 51. Ke3 d2 52. Kxd2 Ne4+ 53. Ke3 Nf6 54. Kf4 Nd5+ 55. Kg5 Nc3 56. Nd6 Nd5 57. Ne8 Kh8 58. Ng7 Kh7 59. Ne6 Ne7 60. Nf8+ Kg8 61. h7+ Kg7 62. h6+ Kh8 63. Kf6 Nd5+ 64. Ke5 Ne3 65. Kf6 Ng4+ 66. Kg5 Nxh6 67. Kg6 1/2-1/2

[Event "TUR-chT 2nd League"]
[White "Akkok, Durdu"]
[Black "Kabakli, Siar"]
[Site "Konya"]
[Round "4.17"]
[Result "1/2-1/2"]
[Date "2018.07.18"]
[WhiteElo "1723"]
[BlackElo "1738"]
[PlyCount "94"]
[EventDate "2018.07.16"]
[EventType "team-swiss"]
[EventRounds "9"]
[EventCountry "TUR"]
[SourceTitle "EXT 2019"]
[Source "ChessBase"]
[SourceDate "2018.10.10"]
[SourceVersion "1"]
[SourceVersionDate "2018.10.10"]
[SourceQuality "1"]
[WhiteTeam "Maras Spor Kulubu"]
[BlackTeam "Serenler Egitim"]
[WhiteTeamCountry "TUR"]
[BlackTeamCountry "TUR"]

1. e4 d5 2. exd5 Qxd5 3. Nf3 Nf6 4. Nc3 Qd6 5. Be2 c6 6. 0-0 Bg4 7. h3 Bh5 8. d3 e6 9. Be3 Nbd7 10. Qd2 Qc7 11. Rad1 Nb6 12. a3 Be7 13. Bf4 Qd8 14. g4 Bg6 15. Ne5 Nbd5 16. Bg3 Bd6 17. Nxd5 cxd5 18. h4 h6 19. Kg2 Qc7 20. f4 0-0-0 21. c4 Kb8 22. b4 Bxe5 23. fxe5 Ne8 24. c5 Qd7 25. h5 Bh7 26. d4 Be4+ 27. Kh2 g6 28. b5 gxh5 29. Bh4 Rc8 30. Qf4 hxg4 31. Qxg4 Bf5 32. Qf4 Ng7 33. Bf6 Rhg8 34. Rg1 Bg6 35. a4 Nh5 36. Bxh5 Bxh5 37. Rxg8 Rxg8 38. Rc1 Qc7 39. Qxh6 Bg6 40. Qd2 Be4 41. Rg1 Qc8 42. Qh6 Rxg1 43. Kxg1 Qg8+ 44. Bg5 b6 45. Qf6 Qe8 46. Qf2 Qg8 47. Qf6 Qe8 1/2-1/2

[Event "Kahramanmaras op 9th"]
[White "Kazimova, Narmin Nizami Qizi"]
[Black "Akkok, Durdu"]
[Site "Kahramanmaras"]
[Round "1"]
[Result "1-0"]
[Date "2018.04.03"]
[WhiteElo "2296"]
[BlackElo "1761"]
[PlyCount "45"]
[EventDate "2018.04.03"]
[EventType "swiss"]
[EventRounds "9"]
[EventCountry "TUR"]
[SourceTitle "CBM 183 Extra"]
[Source "ChessBase"]
[SourceDate "2018.04.19"]
[SourceVersion "1"]
[SourceVersionDate "2018.04.19"]
[SourceQuality "1"]

1. Nf3 Nf6 2. c4 c6 3. d4 d5 4. e3 e6 5. Nc3 Nbd7 6. Bd3 dxc4 7. Bxc4 b5 8. Bd3 Bb7 9. e4 b4 10. Na4 c5 11. e5 Nd5 12. Nxc5 Bxc5 13. dxc5 Nxc5 14. Bb5+ Nd7 15. Bg5 Qa5 16. Bxd7+ Kxd7 17. 0-0 h6 18. Bd2 Qb6 19. Be3 Qb5 20. Nd4 Nxe3 21. fxe3 Qd5 22. Rxf7+ Kc8 23. Qc2+ 1-0

[Event "TUR Cup										"]
[White "Yildiz, Zekerya"]
[Black "Akkok, Durdu"]
[Site "Antalya"]
[Round "5"]
[Result "0-1"]
[Date "2018.01.30"]
[WhiteElo "1525"]
[BlackElo "1752"]
[PlyCount "79"]
[EventDate "2018.01.27"]
[EventType "swiss"]
[EventRounds "11"]
[EventCountry "TUR"]
[SourceTitle "CBM 182 Extra"]
[Source "ChessBase"]
[SourceDate "2018.02.23"]
[SourceVersion "1"]
[SourceVersionDate "2018.02.23"]
[SourceQuality "1"]

1. d4 d5 2. e3 Nf6 3. Bd3 e6 4. Nd2 Nbd7 5. f4 c5 6. c3 h5 7. Ngf3 cxd4 8. exd4 Bd6 9. Ne5 Bxe5 10. fxe5 Ne4 11. 0-0 f5 12. exf6 Ndxf6 13. Nf3 h4 14. Ne5 h3 15. g3 Bd7 16. Bf4 Qb6 17. Nxd7 Kxd7 18. Qa4+ Ke7 19. Qa3+ Kf7 20. Bxe4 dxe4 21. Rae1 Qc6 22. Qd6 Qd5 23. Be5 Kg6 24. c4 Qxc4 25. Bxf6 gxf6 26. Rxe4 Qc6 27. Rg4+ Kf7 28. Rxf6+ Kxf6 29. Rf4+ Kg6 30. Rg4+ Kf7 31. Rf4+ Ke8 32. Qxc6+ bxc6 33. Kf2 Rf8 34. Ke3 Rxf4 35. Kxf4 Kd7 36. g4 Kd6 37. g5 Kd5 38. g6 Kxd4 39. Kg5 e5 40. Kf6 0-1

[Event "TUR-chT 2nd League"]
[White "Akkok, Durdu"]
[Black "Ozgur, Isa"]
[Site "Konya"]
[Round "6.4"]
[Result "1-0"]
[Date "2017.07.20"]
[WhiteElo "1730"]
[BlackElo "1904"]
[PlyCount "87"]
[EventDate "2017.07.17"]
[EventType "team-swiss"]
[EventRounds "9"]
[EventCountry "TUR"]
[SourceTitle "CBM 179 Extra"]
[Source "ChessBase"]
[SourceDate "2017.08.23"]
[SourceVersion "1"]
[SourceVersionDate "2017.08.23"]
[SourceQuality "1"]
[WhiteTeam "Kahramanmaras Ustad"]
[BlackTeam "Mugla Ortaca Belediye"]
[WhiteTeamCountry "TUR"]
[BlackTeamCountry "TUR"]

1. e4 e6 2. Nf3 d5 3. exd5 exd5 4. h3 Bd6 5. d4 Ne7 6. Bd3 Nbc6 7. a3 h6 8. 0-0 Be6 9. Nc3 a6 10. Ne2 g5 11. b3 g4 12. hxg4 Bxg4 13. c4 Bxf3 14. gxf3 Rg8+ 15. Ng3 dxc4 16. Bxc4 Nf5 17. Re1+ Kf8 18. Re4 h5 19. Qd3 h4 20. Rg4 Rxg4 21. fxg4 Nxg3 22. Bh6+ Ke8 23. Re1+ Kd7 24. fxg3 Qf6 25. g5 Qxd4+ 26. Qxd4 Nxd4 27. Rf1 hxg3 28. Bxf7 Ne2+ 29. Kg2 Ke7 30. g6 Nd4 31. g7 Bxa3 32. g8Q Rxg8 33. Bxg8 Bd6 34. Bf8+ Kd7 35. Bxd6 Kxd6 36. Kxg3 a5 37. Kf4 b5 38. Ke4 c5 39. Rf6+ Kc7 40. Ra6 a4 41. bxa4 b4 42. Kd5 b3 43. Kxc5 b2 44. Rb6 1-0

[Event "TUR Cup"]
[White "Durak, Ahmet"]
[Black "Akkok, Durdu"]
[Site "Antalya"]
[Round "11"]
[Result "0-1"]
[Date "2017.02.04"]
[WhiteElo "1303"]
[BlackElo "1795"]
[PlyCount "47"]
[EventDate "2017.01.28"]
[EventType "swiss"]
[EventRounds "11"]
[EventCountry "TUR"]
[SourceTitle "EXT 2018"]
[Source "ChessBase"]
[SourceDate "2017.10.13"]
[SourceVersion "1"]
[SourceVersionDate "2017.10.13"]
[SourceQuality "1"]

1. d4 d5 2. Nf3 Nf6 3. c4 c6 4. Nc3 e6 5. e3 Nbd7 6. Qc2 Bd6 7. b3 0-0 8. Bb2 Re8 9. Bd3 h6 10. 0-0 e5 11. dxe5 Nxe5 12. Nxe5 Bxe5 13. Rfd1 Bxh2+ 14. Kxh2 Ng4+ 15. Kg1 Qh4 16. Bc1 Qh2+ 17. Kf1 Qh1+ 18. Ke2 Qxg2 19. Rf1 Nh2 20. Bb2 Bh3 21. Rg1 Bg4+ 22. Kd2 Nf3+ 23. Kc1 Nxg1 24. Nd1 0-1

[Event "TUR Cup"]
[White "Akkok, Durdu"]
[Black "Yaver, Faik Emre"]
[Site "Antalya"]
[Round "4"]
[Result "0-1"]
[Date "2017.01.30"]
[WhiteElo "1795"]
[BlackElo "2077"]
[PlyCount "98"]
[EventDate "2017.01.28"]
[EventType "swiss"]
[EventRounds "11"]
[EventCountry "TUR"]
[SourceTitle "CBM 176 Extra"]
[Source "ChessBase"]
[SourceDate "2017.03.02"]
[SourceVersion "1"]
[SourceVersionDate "2017.03.02"]
[SourceQuality "1"]

1. e4 e5 2. Nf3 Nf6 3. Nc3 Nc6 4. Bc4 Nxe4 5. Nxe4 d5 6. Bd3 dxe4 7. Bxe4 Bd6 8. 0-0 0-0 9. h3 Ne7 10. c3 Ng6 11. d4 exd4 12. Qxd4 c5 13. Qd5 Qc7 14. Bg5 Be6 15. Qd3 c4 16. Qd2 h6 17. Bxh6 gxh6 18. Qxh6 Bf4 19. Ng5 Bxg5 20. Qxg5 Qf4 21. Qxf4 Nxf4 22. Kh2 Bd5 23. Bf5 Rfe8 24. Rad1 Rad8 25. Rd4 Ne6 26. Rg4+ Kf8 27. h4 Ke7 28. Re1 Rg8 29. f3 Rxg4 30. fxg4 Bc6 31. Re2 Kf6 32. Rf2 Kg7 33. h5 Ng5 34. Kg3 Ne4+ 35. Bxe4 Bxe4 36. Kf4 Bd3 37. g5 Re8 38. g4 Re2 39. Rf3 Rxb2 40. Kg3 Rxa2 41. h6+ Kg8 42. Re3 Re2 43. Rf3 a5 44. Rf4 a4 45. h7+ Bxh7 46. Rxc4 a3 47. Ra4 a2 48. c4 Bb1 49. Kf4 Re6 0-1

[Event "Kahramanmaras op 7th"]
[White "Akkok, Durdu"]
[Black "Ozturk, Yavuz"]
[Site "Kahramanmaras"]
[Round "5.15"]
[Result "1/2-1/2"]
[Date "2016.04.07"]
[WhiteElo "1806"]
[BlackElo "1815"]
[PlyCount "147"]
[EventDate "2016.04.04"]
[EventType "swiss"]
[EventRounds "9"]
[EventCountry "TUR"]
[SourceTitle "EXT 2018"]
[Source "ChessBase"]
[SourceDate "2017.10.13"]
[SourceVersion "1"]
[SourceVersionDate "2017.10.13"]
[SourceQuality "1"]

1. e4 d5 2. e5 c5 3. Nf3 Nc6 4. h3 e6 5. c3 Qb6 6. d4 Bd7 7. Be2 cxd4 8. cxd4 Nge7 9. g4 h5 10. Rg1 hxg4 11. hxg4 Ng6 12. Kf1 Be7 13. Qb3 Qxb3 14. axb3 Nb4 15. Nc3 a6 16. Bd2 0-0-0 17. Rc1 Kb8 18. Kg2 f6 19. Na4 fxe5 20. Nxe5 Nxe5 21. dxe5 Nc6 22. Nc5 Nxe5 23. Bf4 Bd6 24. Bg5 Rc8 25. b4 Bxc5 26. bxc5 Nc6 27. Rgd1 Rhf8 28. Kg3 d4 29. b4 e5 30. b5 axb5 31. Bxb5 Rce8 32. f4 Kc8 33. fxe5 Rxe5 34. Bxc6 Bxc6 35. Ra1 Rf3+ 36. Kh4 d3 37. Ra8+ Kd7 38. Rd8+ Ke6 39. R1xd3 Rxd3 40. Rxd3 Rxc5 41. Bf4 Rc4 42. Re3+ Be4 43. Rb3 Kf6 44. Rb5 g6 45. Be5+ Ke6 46. Bg7 Bf5 47. Rb6+ Kd5 48. Kg3 Rxg4+ 49. Kf3 Rh4 50. Rxb7 Kc6 51. Rb8 Ra4 52. Rd8 g5 53. Be5 Ra3+ 54. Kf2 Bd7 55. Rg8 g4 56. Rg6+ Kd5 57. Bc7 Bf5 58. Rd6+ Ke4 59. Rd2 Rf3+ 60. Kg2 Ke3 61. Rb2 Bd3 62. Bb6+ Ke4 63. Bc7 Bf1+ 64. Kg1 Bh3 65. Re2+ Kd3 66. Rf2 Re3 67. Kh2 Re7 68. Bd6 Re6 69. Bc7 Ke3 70. Rb2 Bf1 71. Rb3+ Bd3 72. Kg3 Re4 73. Bf4+ Kd4 74. Kxg4 1/2-1/2

[Event "Kahramanmaras op 7th"]
[White "Hasanzade, Toghrul Qasim Oglu"]
[Black "Akkok, Durdu"]
[Site "Kahramanmaras"]
[Round "1.9"]
[Result "1-0"]
[Date "2016.04.04"]
[WhiteElo "2325"]
[BlackElo "1806"]
[PlyCount "75"]
[EventDate "2016.04.04"]
[EventType "swiss"]
[EventRounds "9"]
[EventCountry "TUR"]
[SourceTitle "EXT 2018"]
[Source "ChessBase"]
[SourceDate "2017.10.13"]
[SourceVersion "1"]
[SourceVersionDate "2017.10.13"]
[SourceQuality "1"]

1. e4 e5 2. Nc3 Nc6 3. g3 d6 4. Bg2 f5 5. d3 fxe4 6. dxe4 Nf6 7. h3 Be7 8. Nge2 0-0 9. Be3 Be6 10. Nd5 Qd7 11. Qd2 Rf7 12. 0-0-0 Bd8 13. Kb1 Ne7 14. g4 a5 15. f4 Bxd5 16. exd5 Ng6 17. Rhf1 exf4 18. Nxf4 Nxf4 19. Rxf4 Ne8 20. Rxf7 Qxf7 21. Rf1 Qd7 22. Qf2 Qe7 23. Be4 g6 24. Bg5 Qg7 25. Bh6 Qf6 26. Qe2 Qe7 27. Rf8+ Qxf8 28. Bxf8 Kxf8 29. Qb5 b6 30. Qc6 Rb8 31. Bd3 Be7 32. Bb5 g5 33. a4 Bf6 34. Qd7 Be7 35. Qf5+ Kg7 36. Bd3 Bd8 37. Qxh7+ Kf8 38. Bg6 1-0

[Event "Manavgat Turkey Cup"]
[White "Akkok, Durdu"]
[Black "Samani, Yamac"]
[Site "Manavgat"]
[Round "2"]
[Result "0-1"]
[Date "2016.01.31"]
[WhiteElo "1834"]
[BlackElo "2076"]
[PlyCount "42"]
[EventDate "2016.01.30"]
[EventType "swiss"]
[EventRounds "11"]
[EventCountry "TUR"]
[SourceTitle "CBM 170 Extra"]
[Source "ChessBase"]
[SourceDate "2016.02.25"]
[SourceVersion "1"]
[SourceVersionDate "2016.02.25"]
[SourceQuality "1"]

1. e4 c5 2. f4 d5 3. e5 Nc6 4. Nf3 Bg4 5. Be2 e6 6. 0-0 Nh6 7. c3 Nf5 8. h3 Bxf3 9. Rxf3 Be7 10. g3 h5 11. b4 cxb4 12. a3 bxc3 13. dxc3 Bc5+ 14. Kh2 g5 15. fxg5 Nxe5 16. Bb5+ Kf8 17. Rf1 h4 18. gxh4 Rxh4 19. Be2 Qc7 20. Kg2 Ng4 21. Bf4 Nge3+ 0-1

[Event "Manavgat Turkey Cup"]
[White "Bockun, Hayrettin"]
[Black "Akkok, Durdu"]
[Site "Manavgat"]
[Round "1"]
[Result "0-1"]
[Date "2016.01.30"]
[WhiteElo "1389"]
[BlackElo "1834"]
[PlyCount "48"]
[EventDate "2016.01.30"]
[EventType "swiss"]
[EventRounds "11"]
[EventCountry "TUR"]
[SourceTitle "CBM 170 Extra"]
[Source "ChessBase"]
[SourceDate "2016.02.25"]
[SourceVersion "1"]
[SourceVersionDate "2016.02.25"]
[SourceQuality "1"]

1. e4 e5 2. Bc4 Nc6 3. Nf3 Be7 4. Nc3 d6 5. d3 Nf6 6. h3 0-0 7. Be3 Na5 8. Bb3 Nxb3 9. cxb3 c6 10. d4 exd4 11. Nxd4 Re8 12. 0-0 Bf8 13. Qc2 a6 14. Rae1 c5 15. Nde2 b5 16. Ng3 Bb7 17. f3 Qc7 18. Bf4 c4 19. bxc4 Qxc4 20. b3 Qc6 21. b4 Rac8 22. Rc1 d5 23. Qb2 Qb6+ 24. Kh1 Qd4 0-1

[Event "Manavgat Turkey Cup"]
[White "Akkok, Durdu"]
[Black "Odabasi, Nail"]
[Site "Manavgat"]
[Round "8"]
[Result "1-0"]
[Date "2015.02.05"]
[WhiteElo "1866"]
[BlackElo "1592"]
[PlyCount "119"]
[EventDate "2015.01.31"]
[EventType "swiss"]
[EventRounds "11"]
[EventCountry "TUR"]
[SourceTitle "CBM 164 Extra"]
[Source "ChessBase"]
[SourceDate "2015.03.02"]
[SourceVersion "1"]
[SourceVersionDate "2015.03.02"]
[SourceQuality "1"]

1. d4 d5 2. c4 e6 3. Nf3 Nf6 4. Nc3 Bb4 5. a3 Bxc3+ 6. bxc3 0-0 7. e3 b6 8. cxd5 exd5 9. Bd3 c5 10. 0-0 Bg4 11. h3 Bh5 12. Be2 Nbd7 13. a4 Re8 14. Qb3 c4 15. Qd1 Ne4 16. Bb2 Rb8 17. Nd2 Nxd2 18. Qxd2 Bg6 19. Ba3 Nf6 20. Bf3 Ne4 21. Qb2 Qd7 22. Rfe1 Rb7 23. Bg4 f5 24. Bf3 Qxa4 25. Bd6 Qd7 26. Be5 Bf7 27. Bd1 Nc5 28. Bc2 g6 29. Bf4 Ne6 30. Be5 Nd8 31. f3 b5 32. e4 Nc6 33. exf5 gxf5 34. Bf4 a5 35. Qb1 Bg6 36. g4 Rf8 37. g5 b4 38. Ba4 Qc8 39. Bxc6 Qxc6 40. Rxa5 bxc3 41. Qa1 Rb3 42. Rc1 Bf7 43. Rxc3 Qb7 44. Kh2 Rb2+ 45. Kg3 Qb4 46. Qa3 Rc8 47. Kh4 Rb1 48. Ra8 Qf8 49. Rxc8 Qxc8 50. Qe7 Rb6 51. Rc1 Re6 52. Qa3 h6 53. Rb1 hxg5+ 54. Bxg5 Ra6 55. Qe7 Ra8 56. Rb7 Qe6 57. Qxe6 Bxe6 58. Re7 c3 59. Rxe6 c2 60. Rc6 1-0

[Event "TUR-ch op"]
[White "Akkok, Durdu"]
[Black "Yener, Cemil"]
[Site "Antalya"]
[Round "9.26"]
[Result "0-1"]
[Date "2008.02.08"]
[WhiteElo "1776"]
[BlackElo "1924"]
[PlyCount "110"]
[EventDate "2008.02.04"]
[EventType "swiss"]
[EventRounds "11"]
[EventCountry "TUR"]
[SourceTitle "CBM 122 Extra"]
[Source "ChessBase"]
[SourceDate "2008.03.04"]
[SourceVersion "1"]
[SourceVersionDate "2008.03.04"]
[SourceQuality "1"]

1. d4 Nf6 2. Nf3 g6 3. g3 Bg7 4. Bg2 b6 5. 0-0 Bb7 6. b3 0-0 7. Bb2 Na6 8. c4 c5 9. d5 d6 10. Nc3 Nc7 11. Ng5 h6 12. Nh3 Rb8 13. a4 a6 14. Qc2 b5 15. axb5 axb5 16. Ra7 Nd7 17. Ne4 Bxb2 18. Qxb2 bxc4 19. bxc4 Bxd5 20. Qd2 Bxe4 21. Bxe4 Kg7 22. Qa5 Ne6 23. Qxd8 Rfxd8 24. Bc6 Ne5 25. Bd5 Kf6 26. Nf4 Rd7 27. Ra3 Nc7 28. Rc1 e6 29. Bh1 Rb4 30. Rac3 Ne8 31. Ng2 Ra7 32. Ne1 Ng7 33. f4 Nd7 34. g4 Ke7 35. e4 Rb2 36. Nc2 Raa2 37. h4 Nb6 38. e5 dxe5 39. Bc6 exf4 40. Na3 g5 41. hxg5 hxg5 42. Rd1 Ne8 43. Rcd3 Nf6 44. Nb5 Nxg4 45. Nc3 Nf2 46. Nxa2 Nxd1 47. Nc1 Ne3 48. Nb3 Nexc4 49. Nxc5 Ne5 50. Rc3 Nxc6 51. Nd3 Rb1+ 52. Kf2 Nd4 53. Nxf4 gxf4 54. Rc7+ Kf6 55. Rxf7+ Kxf7 0-1

[Event "TUR-ch op"]
[White "Oluc, Hakan"]
[Black "Akkok, Durdu"]
[Site "Antalya"]
[Round "8.30"]
[Result "0-1"]
[Date "2008.02.08"]
[WhiteElo "1960"]
[BlackElo "1776"]
[PlyCount "44"]
[EventDate "2008.02.04"]
[EventType "swiss"]
[EventRounds "11"]
[EventCountry "TUR"]
[SourceTitle "CBM 122 Extra"]
[Source "ChessBase"]
[SourceDate "2008.03.04"]
[SourceVersion "1"]
[SourceVersionDate "2008.03.04"]
[SourceQuality "1"]

1. e4 e6 2. d3 d5 3. Nd2 Nf6 4. Ngf3 dxe4 5. dxe4 Be7 6. h4 b6 7. h5 Bb7 8. h6 gxh6 9. Bd3 Ng4 10. e5 Bc5 11. 0-0 Rg8 12. Qe2 Nc6 13. Be4 f5 14. exf6 Qxf6 15. b4 Bxb4 16. Bb2 e5 17. Qc4 0-0-0 18. Bxc6 Bxc6 19. Qxb4 Rxd2 20. Qc4 Bd5 21. Qc3 Bxf3 22. Qxf3 Qxf3 0-1